| 000 | 04005cad a22004095a 4500 | ||
|---|---|---|---|
| 001 | L144510 | ||
| 008 | 080723e20080723xxkado f s f000 0 eng d | ||
| 020 | _a9781409803287 | ||
| 035 | _a(Sirsi) u144510 | ||
| 041 | 0 | _aeng | |
| 050 | 0 | 4 | _a306.1 $2 18 |
| 100 | 1 | _aTaylor, Matthew | |
| 245 | 0 | 0 |
_aLiving working countryside _bthe Taylor review of rural economy and affordable housing _h[electronic resource] |
| 260 |
_aLondon _bDCLG _c2008 |
||
| 505 | 2 | _aLiving, working countryside: rural pressures - increasingly unsustainable rural communities -- Restrictive planning practice -- Low supply of affordable housing -- Low local wages and unfulfilled economic potential -- Migratory pressure and change -- Unaffordable house prices -- Rural England: understanding the context -- Is England still a green and pleasant land? -- What impact will new housing growth have on the countryside? -- Will these new homes solve rural affordability? -- The sustainability trap -- Conclusion | |
| 505 | 2 | _aLiving, working market towns -- Where new housing growth will impact most: our market towns -- 2020: a missed opportunity? -- The consequences of poorly planned housing growth -- The alternative: new neighbourhoods and community extensions -- Master planning for rural communities -- Genuinely empowering community participation in planning -- Creating greener communities -- Changing planning practice to deliver better places | |
| 505 | 2 | _aLiving, working villages -- What is meant by smaller rural communities? -- Housing need in smaller rural communities -- Policy options for smaller rural communities -- Community led affordable housing: a new approach for exception policy -- Getting landowners to provide more sites -- What kind of affordable housing? -- Second homes and holiday lets | |
| 505 | 2 | _aLiving, working rural economies -- The importance of strong rural economies -- The new rural economies -- Characteristics and challenges for rural economies -- Better support for rural economies: (1) Promoting rural economic development -- (2) Ensuring a good supply of sites and premises -- (3) Better support for home-based business -- Need for better data -- Home extensions -- Home-based work in affordable housing -- Dedicated "live/work" and rural business "hubs" | |
| 505 | 2 | _aUnblocking the system: (1) Regional spatial strategies (RSSs) -- (2) The local development framework (LDF) process -- (3) Providing strong accessible evidence -- (4) Local authority capacity -- (5) Thresholds for affordable housing contributions -- (6) Assessing economic viability and negotiating with developers -- (7) Pre-application discussions -- (8) The planning inspectorate -- (9) Costs of delivering Affordable Housing | |
| 505 | 2 | _aAnnex A: terms of reference -- Annex B: Consultation process | |
| 520 | _aThe Prime Minister asked Matthew Taylor, MP for Truro and St Austell, to conduct a review on how land use and planning can better support rural business and deliver affordable housing. The review was presented to Government on 23 July 2008. A call for evidence was launched seeking the views of a wide range of stakeholders, generating a total of 278 submissions. The review covers responses to the call for evidence. | ||
| 521 | _aAdvanced | ||
| 590 | _aKA NTK | ||
| 650 | 2 | 4 | _aPLANNING POLICY STATEMENT 12 |
| 650 | 2 | 4 | _aSCOTT REPORT |
| 650 | 2 | 4 | _aTOWN AND COUNTRY PLANNING ACT 1947 |
| 650 | 2 | 4 | _aPLANNING POLICY STATEMENT 1 (DELIVERING SUSTAINABLE DEVELOPMENT) |
| 650 | 2 | 4 | _aPLANNING POLICY STATEMENT 3 |
| 650 | 2 | 4 | _aPLANNING POLICY STATEMENT 4 |
| 650 | 2 | 4 | _aTOWN AND COUNTRY PLANNING ACT 1990 S106 |
| 650 | 2 | 4 | _aBARKER REVIEW OF LAND USE PLANNING |
| 650 | 2 | 4 | _aNEW TOWNS ACT 1946 |
| 651 | 4 |
_aEngland and Wales _y1543- |
|
| 690 | _aPROPERTY-RESIDENTIAL PROPERTY-DOMESTIC PROPERTY-HOUSING | ||
| 856 | 4 | 0 |
_uhttps://www.communities.gov.uk/publications/planningandbuilding/livingworkingcountryside _zView the report free of charge at www.communities.gov.uk... |
| 942 | _n0 | ||
| 999 |
_c108524 _d108524 |
||